Movies Quiz

Random Movies or Actor Quiz

Movies Sixes Quiz Stats

 Plays Quiz Updated May 8, 2019

Support Sporcle.
Go Orange.
Score 0/36 Timer 06:00
0 Plays Today
Hint Answer % Correct
Lucas Star Wars Film SubtitlesReturn of the Jedi
79.9%
Lucas Star Wars Film SubtitlesThe Empire Strikes Back
78.5%
Lucas Star Wars Film SubtitlesA New Hope
76.4%
Six Highest Grossing FilmsAvatar
71.1%
Six Highest Grossing FilmsTitanic
70.6%
Lucas Star Wars Film SubtitlesThe Phantom Menace
64.6%
Lucas Star Wars Film SubtitlesRevenge of the Sith
64.2%
Lucas Star Wars Film SubtitlesAttack of the Clones
61.3%
Jack Nicholson Golden Globe FilmsOne Flew Over the Cuckoo's Nest
59%
AFI Top 6 American MoviesThe Godfather
57%
1980s Bond Movies Octopussy (1983)
55.6%
AFI Top 6 American MoviesCitizen Kane
54.9%
Jack Nicholson Golden Globe FilmsAs Good as It Gets
54.7%
AFI Top 6 American MoviesGone with the Wind
53%
Six Highest Grossing FilmsAvengers: Endgame
50.7%
AFI Top 6 American MoviesCasablanca
49.8%
Denzel Washington Best Actor NomsTraining Day
40.5%
1980s Bond Movies A View to a Kill (1985)
39.6%
Hint Answer % Correct
1980s Bond Movies The Living Daylights (1987)
37.3%
Six Highest Grossing FilmsAvengers: Infinity War
36.9%
1980s Bond Movies Licence to Kill (1989)
35.6%
Jack Nicholson Golden Globe FilmsChinatown
32.3%
Six Highest Grossing FilmsStar Wars: Episode VII - The Force Awakens
32.1%
Jack Nicholson Golden Globe FilmsTerms of Endearment
28%
1980s Bond Movies For Your Eyes Only (1981)
25.9%
Denzel Washington Best Actor NomsFences
25.6%
1980s Bond Movies Never Say Never Again (1983)
22.8%
Six Highest Grossing FilmsJurassic World
22.3%
Jack Nicholson Golden Globe FilmsAbout Schmidt
22.2%
Denzel Washington Best Actor NomsMalcolm X
22.1%
Denzel Washington Best Actor NomsFlight
20.4%
Denzel Washington Best Actor NomsRoman J. Israel, Esq.
18.8%
Denzel Washington Best Actor NomsThe Hurricane
17%
AFI Top 6 American MoviesSingin' in the Rain
16%
AFI Top 6 American MoviesRaging Bull
11.3%
Jack Nicholson Golden Globe FilmsPrizzi's Honor
8.9%

From the Vault

My Friends Call Me... II

by aquascape

Movies 6m
If you don't have a cool nickname and you're a character in a war movie, that means you're going to die.
Remove Ads.
Support Sporcle.
Get the best of Sporcle when you Go Orange. This ad-free experience offers more features, more stats, and more fun while also helping to support Sporcle. Thank you for becoming a member.

Show Comments

Extras

Top Quizzes Today


Score Distribution

Your Account Isn't Verified!

In order to create a playlist on Sporcle, you need to verify the email address you used during registration. Go to your Sporcle Settings to finish the process.

Report this User

Report this user for behavior that violates our Community Guidelines.

Details: